| 000 | 00428cam a2200181ua 4500 | ||
|---|---|---|---|
| 020 | _c6.00 | ||
| 041 |
_ahin _h |
||
| 082 |
_a891.54 _bDEV/DU |
||
| 100 | _aDevendra satyarti, . | ||
| 245 |
_aDudh-gach / _cDevendra satyarti. _hTextual Documents |
||
| 250 |
_a1 / _b. |
||
| 260 |
_aDelhi : _bRajkamal Prakash , _c1958. |
||
| 300 | _a416 ; . | ||
| 365 | _a6.00 | ||
| 504 | _a | ||
| 942 | _cBK | ||
| 999 |
_c6401 _d6401 |
||